000 01262nam a2200265Ia 4500
003 Ost
005 20260416102353.0
008 260416s9999||||xx |||||||||||||| ||und||
040 _cfsecg
041 _aara
082 _a336
100 _aبن حمودة، فاطمة الزهراء
_eمؤلف
245 0 _aدروس وتمارين في التحليل المالي /
_c فاطمة الزهراء بن حمودة
260 _aالجزائر
_bجامعة الجزائر3: كلية العلوم الإقتصادية، العلوم التجارية وعلوم التسيير
_c2017
300 _a120 ورقة
_bايضاحات
_c30 سم
504 _aمراجع ص.119
520 _aعموميات حول المعطيات المالية، التحليل المالي بين التوازن الساكن والديناميكي(التوازن المالي)، التحليل المالي الديناميكي
653 _aالأموال
653 _aالتمويل
653 _aالمالية العامة
653 _aالميزانية
653 _aرأس المال
710 _aجامعة الجزائر3: كلية العلوم الإقتصادية، العلوم التجارية وعلوم التسيير
_eناشر علمي
942 _cHANDOUT
999 _c41069
_d41069